Organic chemistry of coal : a symposium /
Guardado en:
| Autores Corporativos: | , |
|---|---|
| Otros Autores: | |
| Formato: | Libro |
| Idioma: | English |
| Publicado: |
Washington :
American chemical Society,
1978.
|
| Series: | ACS symposium series ;
71. |
| Materias: | |
| Etiquetas: |
Agregar Etiqueta
Sin Etiquetas, Sea el primero en etiquetar este registro!
|
| LEADER | 01160cam a22002775a 4500 | ||
|---|---|---|---|
| 001 | EIQ.libpla002261 | ||
| 008 | 780414s1978####dcua#####b####101#0#eng#d | ||
| 005 | 20071218170310.0 | ||
| 245 | 1 | 0 | |a Organic chemistry of coal : |b a symposium / |c sponsored by the Division of Fuel Chemistry at the 174th meeting of the American Chemical Society, Chicago, Illinois, August 29-September 1, 1977 ; John W. Larsen, editor. |
| 260 | |a Washington : |b American chemical Society, |c 1978. | ||
| 300 | |a viii, 327 p. : |b il. ; |c 24 cm. | ||
| 490 | 1 | |a ACS symposium series ; 71 | |
| 504 | |a Incluye referencias bibliográficas e índice. | ||
| 020 | |a 0841204276 | ||
| 111 | 2 | |a Symposium on Organic Chemistry of Coal |n (174th : |d 1977 : |c Chicago, Illinois) | |
| 700 | 1 | |a Larsen, John W., |d 1940-, |e ed. |4 edt | |
| 710 | 2 | |a American Chemical Society. |b Division of Fuel Chemistry. | |
| 830 | 0 | |a ACS symposium series ; |v 71. | |
| 082 | 0 | 0 | |a 662/.622 |
| 650 | 4 | |a Carbón |x Congresos. | |
| 650 | 4 | |a Carbón |x Análisis. | |
| 650 | 4 | |a Coal |x Analysis. | |
| 650 | 4 | |a Coal |x Congresses. | |
| 010 | |a 78008114 | ||
| 040 | |a DLC |c DLC |d AR-BbSID | ||
| 859 | |a AR-BbSID |b BIB. PLAPIQUI |h 662.622 |i Sy 68 |p 1280 | ||
